Statistics for Ancient History by Letter 'J'

Click here to take the quiz!

General Stats

  • This quiz has been taken 439 times
  • The average score is 12 of 14

Answer Stats

Hint Answer % Correct
The second period of the Mesozoic Era (thank Spielberg for this one)Jurassic
99%
Central figure of Christianity, whose birthday is NOT on 25 DecemberJesus Christ
99%
The king of Gods in Roman mythology, or the 5th planet from the sunJupiter
98%
Holy Middle-Eastern city, home to the Dome of the RockJerusalem
96%
Moses is a central figure in this religionJudaism
96%
He betrayed the founder of Chistianity for 30 pieces of silverJudas
94%
Country where you would find the ancient city of PetraJordan
94%
Baptist who was the cousin of the aboveJohn the Baptist
93%
Leader of the Argonauts who searched for the Golden FleeceJason
88%
This replaced the Roman Calendar in the year 46 B.C., but it didn't have leap yearsJulian Calendar
86%
Roman equivalent of Hera, wife of above, or a 2007 Ellen Page filmJuno
82%
Anubis is often depicted with the head of this animalJackal
80%
Ancient Middle-Eastern city with an "impenetrable" wallJericho
66%
Main character in Rick Riordans' the OlympiansPercy Jackson
40%

Score Distribution

Percentile by Number Answered

Percent of People with Each Score

Your Score History

You have not taken this quiz